Statistics for Groups of Five - History

Click here to take the quiz!

General Stats

  • This quiz has been taken 590 times
    (560 since last reset)
  • The average score is 12 of 40

Answer Stats

HintAnswer% Correct
Athens
84%
World War II
83%
Qing Conquest of Ming
72%
Sparta
71%
South Sudan
68%
Ming
64%
Catherine II
62%
Babylon
59%
Qing
50%
Eritrea
49%
Assyria
44%
Djibouti
33%
Marcus Aurelius
30%
Sumer
29%
Hadrian
28%
Nicholas I
28%
Song
27%
Namibia
26%
Zimbabwe
26%
Dido
25%
Saint Nicholas II
24%
Tang
24%
Alexander I
21%
Trajan
21%
Alexander II
19%
Corinth
19%
Yuan
19%
Mongol Conquests
15%
Akkad
13%
Nerva
10%
Antoninus Pius
8%
Taiping Rebellion
5%
Argos
4%
Hasdrubal I
4%
Knossos
3%
Hanno I
2%
Three Kingdoms
2%
Mago I
1%
Malchus
1%
Ubaid
0%

Score Distribution

Percentile by Number Answered

Percent of People with Each Score

Your Score History

You have not taken this quiz since the last reset